Stepfather Bank

Bibliographic Details
Main Author: Poyer, D.C
Format: Book
Published: New York : St. Martin's Press , 1987
Subjects:

MARC

LEADER 00000cam a2200000 7i4500
001 0000000839
002 000000942
005 20000330.0
020 |a 031200687X 
090 0 0 |a F   |b POY 
100 1 |a Poyer, D.C 
245 1 0 |a Stepfather Bank   |c D.C.Poyer 
260 |a New York :   |b St. Martin's Press ,   |c 1987 
300 |a 277p. ;   |c 21cm. 
650 0 0 |a Science fiction 
999 |a 029822   |b BUKU   |c PINJAMAN   |e PERPUSTAKAAN KOMUNITI PETALING JAYA